000
00277nam a2200121Ia 4500
008
190216s9999||||xx |||||||||||||| ||und||
100
_a
Rosser G C
245
4
_a
The Poetry Of Wordsworth
260
_b
Penguin Books
300
_a
254p
650
_a
English Poetry
942
_c
BK
999
_c
12061
_d
12061